000 00666nam a22002297a 4500
003 UA-OsUOA
001 96598
007 ta
008 20130320b un ||||| |||| 00| 0 ukr d
100 _aЛеонов Л.
090 _a821.161.1
_bЛ47
942 _cBK
040 _aUA-OsUOA
_brus
_cUA-OsUOA
_dUA-OsUOA
245 _aВзятие Великошумска
_bповести, рассказы
300 _a520 с.
955 _a0
041 _arus
080 _a821.161.1
260 _aМосква
_bХудожественная литература
_c1984
650 7 _a82 Література. Літературознавство
_2UDC
999 _c382849
_d382849